Statistics for Who Declared war on eachother WW2

Click here to take the quiz!

General Stats

  • This quiz has been taken 504 times
  • The average score is 214 of 254

Answer Stats

AggressorMonthDayYearTarget% Correct
Germany0911939Poland
98%
Slovakia0911939Poland
98%
Soviet Union09171939Poland
98%
South Africa1281941Japan
97%
Tanganyika0551942Japan
97%
Southern Rhodesia0551942Japan
97%
Northern Rhodesia0551942Japan
97%
Belgium (Exile)12201941Japan
97%
Czechoslovakia (Exile)12161941Japan
97%
Poland (Exile)12111941Japan
97%
China1291941Japan
97%
Cuba1291941Japan
97%
Phillipines1281941Japan
97%
Mexico05221942Japan
97%
Nicaragua1281941Japan
97%
New Zealand1281941Japan
97%
Netherlands (Exile)1281941Japan
97%
Honduras1281941Japan
97%
Haiti1281941Japan
97%
Guatemala1281941Japan
97%
El Salvador1281941Japan
97%
Dominican Republic1281941Japan
97%
Costa Rica1281941Japan
97%
Australia1281941Japan
97%
Belgian Congo0551942Japan
97%
Iroquois Confederacy06131942Japan
97%
UK1281941Japan
97%
Lebanon02261945Japan
97%
Soviet Union08081945Japan
97%
Italy07141945Japan
97%
Norway (Exile)07091945Japan
97%
Brazil0671945Japan
97%
Chile04111945Japan
97%
Argentina03271945Japan
97%
Romania0371945Japan
97%
Iran03011945Japan
97%
Saudi Arabia03011945Japan
97%
Syria02261945Japan
97%
Ethiopia12141942Japan
97%
Egypt02241945Japan
97%
Turkey02231945Japan
97%
Uruguay02151945Japan
97%
Venezuela02151945Japan
97%
Peru02121945Japan
97%
Paraguay02071945Japan
97%
Ecuador02021945Japan
97%
France07251944Japan
97%
Liberia01271944Japan
97%
Iraq01171943Japan
97%
USA1281941Japan
97%
Mongolia08101945Japan
97%
Tuva06221941Germany
95%
Czechoslovakia (Exile)12161941Germany
95%
China1291941Germany
95%
USA12111941Germany
95%
Cuba12111941Germany
95%
Costa Rica12111941Germany
95%
Dominican Republic12111941Germany
95%
Guatemala12111941Germany
95%
Nicaragua12111941Germany
95%
Haiti12121941Germany
95%
Panama12121941Germany
95%
Uruguay02151945Germany
95%
Venezuela02151945Germany
95%
Peru02121945Germany
95%
Honduras12131941Germany
95%
Paraguay02071945Germany
95%
Ecuador02021945Germany
95%
Turkey02231945Germany
95%
Iran0991943Germany
95%
Brazil08221942Germany
95%
Iroquois Confederacy06131942Germany
95%
Ethiopia12141942Germany
95%
Mexico05221942Germany
95%
Iraq01171943Germany
95%
Chile01201943Germany
95%
Italy10131943Germany
95%
Hungary12281944Germany
95%
Colombia11261943Germany
95%
Liberia01271944Germany
95%
France06061944Germany
95%
Romania08251944Germany
95%
Bulgaria09081944Germany
95%
San Marino09211944Germany
95%
Mongolia1281941Germany
95%
El Salvador12121941Germany
95%
Kuwait1191939Germany
95%
Syria02261945Germany
95%
Saudi Arabia02281945Germany
95%
South Africa0951939Germany
95%
Nepal0941939Germany
95%
Finland03031945Germany
95%
Tunisia0931939Germany
95%
Argentina03271945Germany
95%
Morocco0931939Germany
95%
Jordan0931939Germany
95%
Free France0681941Germany
95%
Bahrain09101939Germany
95%
New Zealand0931939Germany
95%
Lebanon02261945Germany
95%
Canada09101939Germany
95%
Egypt02241945Germany
95%
Oman09101939Germany
95%
France0931939Germany
95%
UK0931939Germany
95%
Australia0931939Germany
95%
Australia06111940Italy
93%
Brazil08221942Italy
93%
Iroquois Confederacy06131942Italy
93%
Honduras12131941Italy
93%
Ethiopia12141942Italy
93%
Mexico05221942Italy
93%
Canada06101940Italy
93%
France06111940Italy
93%
Chile01201943Italy
93%
South Africa06111940Italy
93%
New Zealand06111940Italy
93%
Iraq01171943Italy
93%
El Salvador12121941Italy
93%
Panama12121941Italy
93%
Czechoslovakia (Exile)12161941Italy
93%
Nicaragua12111941Italy
93%
Belguim (Exile)11231940Italy
93%
Haiti12121941Italy
93%
Costa Rica12111941Italy
93%
Netherlands (Exile)12111941Italy
93%
China1291941Italy
93%
Cuba12111941Italy
93%
Dominican Republic12111941Italy
93%
Free France0251941Italy
93%
Guatemala12111941Italy
93%
USA12111941Italy
93%
Romania12121941USA
92%
Second Philippine Republic09231944USA
92%
Burma0811943USA
92%
Thailand01251942USA
92%
Japan12071941USA
92%
Germany12111941USA
92%
Italy12111941USA
92%
Bulgaria12121941USA
92%
Albania12171941USA
92%
Slovakia12121941USA
92%
Hungary12151941USA
92%
Manchukuo1281941USA
92%
Croatia12141941USA
92%
Germany06221941Soviet Union
88%
Italy06221941Soviet Union
88%
Hungary06271941Soviet Union
88%
Romania06221941Soviet Union
88%
Finland06251941Soviet Union
88%
Italy06101940UK
88%
Thailand01251942UK
88%
Croatia12141941UK
88%
Burma0811943UK
88%
Bulgaria12121941UK
88%
Finland12061941UK
88%
Romania12061941UK
88%
Japan12071941UK
88%
Romania12121941UK
88%
Slovakia12121941UK
88%
Second Philippine Republic09231944UK
88%
Tanganyika0551942Vichy France
88%
Australia09231940Vichy France
88%
Belgian Congo0551942Vichy France
88%
UK09231940Vichy France
88%
USA1181942Vichy France
88%
Canada1181942Vichy France
88%
Southern Rhodesia0551942Vichy France
88%
Italy11101942Vichy France
88%
Northern Rhodesia0551942Vichy France
88%
Free France09231940Vichy France
88%
Japan09221940Vichy France
88%
Thailand10??1940Vichy France
88%
UK0551942Vichy France
88%
Germany11101942Vichy France
88%
UK06251940Vichy France
88%
South Africa0551942Vichy France
88%
Netherlands (Exile)0551942Vichy France
88%
Poland (Exile)0551942Vichy France
88%
Italy06101940France
86%
Canada1271941Finland
85%
Germany09151944Finland
85%
UK12051941Finland
85%
Australia1271941Finland
85%
Czechoslovakia (Exile)12161941Finland
85%
Soviet Union11301939Finland
85%
New Zealand1271941Finland
85%
South Africa1281941Finland
85%
Germany05101940Belguim
84%
Germany0491940Norway
83%
Hungary09071944Romania
83%
Haiti12241941Romania
83%
Czechoslovakia (Exile)12161941Romania
83%
USA0651942Romania
83%
UK12051941Romania
83%
Canada1271941Romania
83%
Australia1271941Romania
83%
New Zealand1271941Romania
83%
Nicaragua12191941Romania
83%
South Africa1281941Romania
83%
Germany05101940Netherlands
82%
Germany0461941Greece
80%
Italy10281940Greece
80%
Germany0491940Denmark
79%
Germany0461941Yugoslavia
77%
Italy0461941Yugoslavia
77%
New Zealand12131941Bulgaria
76%
South Africa12131941Bulgaria
76%
USA0651942Bulgaria
76%
Czechoslovakia (Exile)12161941Bulgaria
76%
Soviet Union09051944Bulgaria
76%
UK12131941Bulgaria
76%
Nicaragua12191941Bulgaria
76%
Haiti12241941Bulgaria
76%
Australia01061942Bulgaria
76%
Romania09071944Hungary
76%
South Africa1281941Hungary
76%
UK12051941Hungary
76%
USA0651942Hungary
76%
Haiti12241941Hungary
76%
Czechoslovakia (Exile)12161941Hungary
76%
Canada1271941Hungary
76%
Australia1271941Hungary
76%
New Zealand1271941Hungary
76%
Yugoslavia0471941Hungary
76%
Nicaragua12191941Hungary
76%
Germany05101940Luxembourg
63%
Japan12071941Thailand
50%
Australia03021942Thailand
50%
South Africa01251942Thailand
50%
New Zealand01251942Thailand
50%
UK01251942Thailand
50%
Soviet Union08251941Iran
45%
UK08251941Iran
45%
Australia08251941Iran
45%
Czechoslovakia (Exile12161941Slovakia
44%
UK0521941Iraq
42%
Germany04141941Egypt
41%
Italy0991940Egypt
41%
Czechoslovakia (Exile)12161941Croatia
32%
Australia12121941Portugal
30%
Netherlands (Exile)12121941Portugal
30%
Japan02191942Portugal
30%
UK05101940Iceland
29%
Italy12131941Cuba
16%
Romania12191941Nicaragua
13%
Romania12241941Haiti
11%
Italy12131941Guatemala
10%
Germany11121942Tunisia
10%
Bolivia0471943Axis Powers
2%
United Nations01011942Axis Powers
2%
UK04121940Faroe Islands
2%
San Marino09211944Italian Social Republic
2%
Free France01171944Italian Social Republic
2%

Score Distribution

Percentile by Number Answered

Percent of People with Each Score

Your Score History

You have not taken this quiz